000 00745cam a22002651 4500
001 7034284
003 ARRUPE
005 20161128152225.0
008 741105s1962 mdu 000 0 eng
010 _a 62018774
035 _a(OCoLC)1066692
040 _aDLC
_cMBtS
_dOCoLC
_dDLC
041 1 _aeng
_hfre
042 _apremarc
050 0 0 _aBR121.2
_b.D313
082 _a261
100 1 _aDaniélou, Jean.
_97490
245 1 4 _aThe scandal of truth.
_c/Jean Danielou S.J.
260 _aBaltimore,
_bHelicon Press
_c1962
300 _a154 p.
_c23 cm.
500 _aTranslation of Scandaleuse vérité.
650 0 _aChristianity
_y20th century.
_927627
906 _a7
_bcbc
_coclcrpl
_du
_encip
_f19
_gy-gencatlg
942 _2lcc
_cMONOGRAPH
999 _c125784
_d125784